Les 15 musiques de jul les plus ecoutées sur spotify ! - Statistiques

Statistiques générales
  • Ce quiz a été pris 1 264 fois
  • Le résultat moyen est 5 sur 15
Statistiques - réponses
nombre d'écoute Réponse % Correct
100 000 000 tchikita
72%
260 000 000 bande organisée
66%
98 800 000 j'oublie tout
66%
76 000 000 ma jolie
52%
105 000 000 avant la douane
44%
101 000 000 jcvd
42%
144 000 000 la bandite
41%
98 200 000 toto et ninetta
38%
88 000 000 j'ai tout su
18%
222 000 000 moulaga
16%
70 000 000 pic et pic alcool et drame
14%
108 200 000 la street
13%
96 000 000 la selecao
12%
108 800 000 dybala
11%
126 000 000 se grita
11%
Aucun quiz correspondant
Distribution des résultats
% des personnes avec chaque résultat
Percentile par nombre de réponses
Votre historique - résultats
Vous n’avez pas pris ce quiz